000 00748nam a2200229Ia 4500
003 OSt
005 20220923214024.0
006 a|||||r|||| 00| 0
007 ta
008 220922b |||||||| |||| 00| 0 hin d
024 _a166,532
037 _cTextual
040 _aARTS
_cARTS
_bhin
041 _2hin
_ahin
082 _aO152:1N07:9, J7(TTPH)
100 _aगुप्त, सुरेश चन्द्र
245 0 _aमहादेवी वर्मा और उनका आधुनिक कवि
246 _ahinādevī varmā aur unakā ādhunik kavi
260 _c1957
942 _hO152:1N07:9, J7(TTPH)
_cTEXL
_2CC
999 _c321011
_d321011